000 00813nam a2200253 a 4500
001 000015082
005 20200929163943.0
008 100201t2003 dr a 001 j spa d
020 _a9993439215
040 _aDO-SdBNP
_bspa
_cBNPHU
082 _a808.882
_bH925p
245 0 0 _aHumor por [email protected] /
_cRecopilador Juan Báez.
260 _aSanto Domingo :
_bEdiciones Librería La Trinitaria,
_c2003.
300 _a47 p. :
_bil. ;
_c21 cm.
490 1 _aBachata
490 1 _aEntretenimiento
_v1
590 _aInventariado, 2018/ YL
650 4 _aHumorismo
_97166
651 4 _aRepública Dominicana
_xAnécdotas, Chistes, Sátiras, Etc.
_922185
700 1 _aBáez, Juan,
_ecomp.
_934057
830 0 _aBachata
_934153
830 0 _aEntretenimiento
_n1
_934154
910 _aValidado. Control de calidad EMS.
999 _c14654
_d14654